Music Quiz

Random Music or The Beatles Quiz

The Beatles vs. Michael Jackson Quiz Stats

 Plays Quiz Updated Jan 3, 2017

Challenge
Share
Tweet
Score 0/40 Timer 11:00
1 Play Today
Hint Answer % Correct
Michael JacksonThriller
87.6%
Michael JacksonBillie Jean
84.3%
Michael JacksonBeat It
82.4%
The BeatlesHey Jude
80.8%
The BeatlesYesterday
80.2%
The BeatlesYellow Submarine
78.1%
Michael JacksonBad
77.3%
The BeatlesLet It Be
76.4%
The BeatlesI Want To Hold Your Hand
76.3%
The BeatlesHelp!
72.4%
Michael JacksonBlack or White
71.5%
Michael JacksonMan in the Mirror
70.7%
The BeatlesTwist and Shout
69.7%
The BeatlesCome Together
69.4%
Michael JacksonSmooth Criminal
68.6%
The BeatlesLucy in the Sky with Diamonds
67.1%
The BeatlesEleanor Rigby
67%
The BeatlesEight Days a Week
65.7%
The BeatlesPenny Lane
65.1%
The BeatlesHere Comes the Sun
65%
Hint Answer % Correct
The BeatlesAll You Need Is Love
63.9%
Michael JacksonRock with You
59.3%
The BeatlesHello Goodbye
58.8%
Michael JacksonThe Way You Make Me Feel
58.2%
Michael JacksonDon't Stop 'til You Get Enough
57.8%
The BeatlesCan't Buy Me Love
55.2%
The BeatlesWhile My Guitar Gently Weeps
53.6%
Michael JacksonDirty Diana
50.2%
The BeatlesOb-La-Di, Ob-La-Da
49%
The BeatlesSomething
48.6%
Michael JacksonYou Are Not Alone
45.3%
Michael JacksonHuman Nature
40.2%
Michael JacksonRemember the Time
39.6%
Michael JacksonEarth Song
39.2%
Michael JacksonWanna Be Startin' Somethin'
38.9%
Michael JacksonHeal the World
33.5%
Michael JacksonThey Don't Care About Us
32.1%
The BeatlesPlease Mister Postman
30.2%
Michael JacksonWill You Be There
27%
Michael JacksonOff the Wall
25.6%

You're not logged in!

Compare scores with friends on all Sporcle quizzes.
Join for Free
OR
Log In

You Might Also Like...

Show Comments

Extras

Top Quizzes Today


Score Distribution

Your Account Isn't Verified!

In order to create a playlist on Sporcle, you need to verify the email address you used during registration. Go to your Sporcle Settings to finish the process.

Report this User

Report this user for behavior that violates our Community Guidelines.

Details: